Wird geladen...
Reviews on Plasma Physics /
| Format: | Printed Book |
|---|---|
| Sprache: | English |
| Veröffentlicht: |
New Delhi:
New Age,
1996.
|
| Schlagworte: |
| LEADER | 00552cam a2200193ua 4500 | ||
|---|---|---|---|
| 008 | 060815t1996||||||||||| 00 ||eng c | ||
| 020 | |a 81-224-0761-7 | ||
| 041 | 0 | |a eng | |
| 082 | |a 530.44 |b REV | ||
| 245 | 1 | 0 | |a Reviews on Plasma Physics / |
| 260 | |a New Delhi: |b New Age, |c 1996. | ||
| 300 | |a v,227p.. | ||
| 362 | 1 | |a 1996. | |
| 365 | |a Rs 550/- |e hb | ||
| 650 | |a Plasma physics | ||
| 650 | 0 | |a Physics | |
| 942 | |c BK | ||
| 999 | |c 4613 |d 4613 | ||
| 952 | |0 0 |1 0 |4 0 |6 530_440000000000000_RE |7 0 |9 4837 |a KUCL |b KUCL |d 2014-05-23 |l 0 |o 530.44 RE |p 07884 |r 2014-05-23 |w 2014-05-23 |y BK | ||